La Odisea
Guardado en:
| Hovedforfatter: | |
|---|---|
| Format: | Bog |
| Sprog: | Spanish |
| Udgivet: |
México
Editores Mexicanos Unidos
1994
|
| Fag: | |
| Tags: |
Tilføj Tag
Ingen Tags, Vær først til at tagge denne postø!
|
MARC
| LEADER | 00000nam a22000007a 4500 | ||
|---|---|---|---|
| 008 | 180920b xxu||||| |||| 00| 0 spa d | ||
| 040 | |a cru BVZT | ||
| 090 | |a 880 H-6o | ||
| 100 | |a Homero | ||
| 245 | |a La Odisea |c Homero | ||
| 260 | |a México |b Editores Mexicanos Unidos |c 1994 | ||
| 300 | |a 246 páginas | ||
| 650 | |a LITERATURA GRIEGA | ||
| 650 | |a HOMERO | ||
| 650 | |a POEMA ÉPICO GRIEGO | ||
| 999 | |c 30593 |d 30593 | ||
| 942 | |c 4 D |h 880 H-6o |2 z | ||
